| 000 | 00423nam a2200169 a 4500 | ||
|---|---|---|---|
| 001 | 0000-9229 | ||
| 003 | ELIB.Books | ||
| 008 | 110520 1961 | ||
| 035 | _a(ELIB.Books)0000-9381 | ||
| 082 |
_a268 _bCox |
||
| 100 | _aCox, Norman | ||
| 245 | _aWe Southern Baptists | ||
| 260 |
_bNashville: Convention Press _c1961 |
||
| 650 | _aChristian Education | ||
| 942 |
_2ddc _cBK |
||
| 998 |
_cbat _e2011-05-20 |
||
| 999 |
_c9229 _d9229 |
||